01190pab a2200157 454500008004000000100002500040245007600065260000900141300001300150362000800163520077200171650002900943650002500972650001600997773001901013180718b1999 xxu||||| |||| 00| 0 eng d aGoldsmith, Arthur A. aAfrica's overgrown state reconsidered : bureaucracy and economic growth c1999 ap.520-46 aJul aHow close is the link between outsized states and economic stagnation in Africa? This article shows that African public bureaucracies are not as large as often portrayed, that they have been getting smaller, and that reducing their size alone has not been a prescription for economic revival. To the contrary, the countries with higher levels of public employment, such as Botswana and Mauritius, are apt to have the better economic records. These findings suggest that a super-abundance of public personnel is not in itself a major impediment to growth in Africa. Too much attention has been paid to quantitative or "first-generation" bureaucratic problems, and too little attention has been given the "second-generation" issues of bureaucratic quality. - Reproduced aEconomic growth - Africa aBureaucracy - Africa aBureaucracy aWorld Politics